| 000 | 00944cam a22002298a 4500 | ||
|---|---|---|---|
| 001 | 16350659 | ||
| 005 | 20170906130952.0 | ||
| 008 | 100727t2010 enk gr 000 0 eng d | ||
| 020 | _a9781846042706 | ||
| 040 |
_aDLC _cDLC _beng _dEG-ScBUE |
||
| 082 | 0 | 4 |
_a206.1 _222 _bCHO |
| 100 | 1 |
_aChopra, Deepak. _923713 |
|
| 245 | 1 | 4 |
_aThe soul of leadership : _bunlocking your potential for greatness / _cDeepak Chopra. |
| 260 |
_aLondon : _bRider Books, _cc.2010. |
||
| 300 |
_a220 p. ; _c19 cm. |
||
| 505 | 0 | _aL=look and listen -- E=emotional bonding -- A=awareness -- D=doing -- E=empowerment -- R=responsibility -- S=synchronicity -- Jeremy Moon, founder and CEO of Icebreaker -- Renata Black, founding director, Seven Bar Foundation -- A template for awareness. | |
| 650 | 7 |
_aLeadership _xReligious aspects. _923714 _2BUEsh |
|
| 651 | _2BUEsh | ||
| 653 |
_bGGEN _cMay2011 _cMay2011 |
||
| 942 |
_2ddc _cBB |
||
| 999 |
_c15259 _d15259 |
||